Julius Caesar multiple choice - Statistiken

Allgemein
  • Dieses Quiz wurde 38 mal gespielt
  • Das Durchschnittsergebnis liegt bei 12 aus 18
Antwortstatistiken
Frage Antwort % Korrekt
Was soll er dabei gesagt haben? Die Würfel sind gefallen
94%
Welches dieser berühmten Zitate stammt von Caesar? Ich kam, sah und siegte
87%
Man munkelt, Caesar hatte eine Beziehung mit dieser Herrscherin Kleopatra
87%
Caesar hat angeblich das Grab dieses großen Feldherrn besucht Alexander der Große
81%
Der wohl bekannteste Mitverschwörer Brutus
81%
In diesem Bericht schilderte Caesar seine Eroberungen De bello Gallico
81%
Welches Gebiet eroberte Caesar? Gallien
81%
Wie wird die Verschwörung, Caesar zu töten, genannt? Die Iden des März
77%
Welchen Fluss wurde bekanntlich von Caesar überquert? Der Rubikon
74%
Wer vereinte in diesem Eroberungskrieg mehrere Stämme gegen Caesar? Vercingetorix
68%
Worüber soll sich Caesar während seiner Entführung beschwert haben? Zu wenig Lösegeld für einen Kerl wie ihnen
65%
Caesar war der dritte Mann dieses Militärbündnisses Erstes Triumvirat
61%
Welches Amt belegte Caesar nach dem Bürgerkrieg Diktator auf Lebenszeit
58%
anderes Mitglied, ein großer Unterstützer Caesars Marcus Licinius Crassus
58%
Wer entführte Caesar? Piraten
58%
Caesar setzte auch Fuß in dieses Land, konnte es jedoch nicht erobern Großbritannien
55%
anderes Mitglied, sein größter Widersacher im Bürgerkrieg Gnaeus Pompeius Magnus
45%
Welche Schlacht beendete den Bürgerkrieg? Die Schlacht bei Munda
19%
Keine übereinstimmenden Quizze gefunden
Verteilung der Resultate
Anzahl Personen mit jedem Resultat
Perzentil nach korrekt beantworteten Fragen
Ihre Resultats-Entwicklung
Sie haben dieses Quiz noch nicht gespielt